Economics and peace, (Record no. 89963)
[ view plain ]
| 000 -LEADER | |
|---|---|
| fixed length control field | 00979cam a22002411 4500 |
| 001 - CONTROL NUMBER | |
| control field | sd 46000025 |
| 003 - CONTROL NUMBER IDENTIFIER | |
| control field | DLC |
| 005 - DATE AND TIME OF LATEST TRANSACTION | |
| control field | 20260227112735.0 |
| 008 - FIXED-LENGTH DATA ELEMENTS--GENERAL INFORMATION | |
| fixed length control field | 941007s1944 nyu f000 0 eng c |
| 010 ## - LIBRARY OF CONGRESS CONTROL NUMBER | |
| LC control number | sd 46000025 |
| 035 ## - SYSTEM CONTROL NUMBER | |
| System control number | (OCoLC)31236837 |
| 040 ## - CATALOGING SOURCE | |
| Original cataloging agency | U.S. Dept. of State. Libr. |
| Transcribing agency | IEN |
| Modifying agency | DLC |
| 042 ## - AUTHENTICATION CODE | |
| Authentication code | premarc |
| 050 00 - LIBRARY OF CONGRESS CALL NUMBER | |
| Classification number | D410 |
| Item number | .F65 vol. 20, no. 2 |
| 100 1# - MAIN ENTRY--PERSONAL NAME | |
| Personal name | Feis, Herbert, |
| Dates associated with a name | 1893-1972. |
| 245 10 - TITLE STATEMENT | |
| Title | Economics and peace, |
| Statement of responsibility, etc. | by Herbert Feis. |
| 260 ## - PUBLICATION, DISTRIBUTION, ETC. | |
| Place of publication, distribution, etc. | New York, N.Y., |
| Name of publisher, distributor, etc. | Foreign Policy Association, Incorporated |
| Date of publication, distribution, etc. | [1944] |
| 300 ## - PHYSICAL DESCRIPTION | |
| Extent | 1 p. l., 15-19, [1] p. |
| Dimensions | 27 cm. |
| 440 #0 - SERIES STATEMENT/ADDED ENTRY--TITLE | |
| Title | Foreign policy reports, |
| Volume/sequential designation | vol. xx, no. 2. April 1, 1944 |
| 500 ## - GENERAL NOTE | |
| General note | "Text, with a few corrections and amendments, of speech delivered ... before the Cincinnati branch of the Foreign Policy Association on February 17, 1944." |
| 500 ## - GENERAL NOTE | |
| General note | "A guide to recent books on economic reconstruction, by Grant S. McClellan": p. [20] |
| 651 #0 - SUBJECT ADDED ENTRY--GEOGRAPHIC NAME | |
| Geographic name | United States |
| General subdivision | Commercial policy. |
No items available.